アイマス声優 - Statistics

General Stats
  • This quiz has been taken 213 times
    71 since last reset
  • The average score is 53 of 243
Answer Stats
Hint Answer % Correct
輿水幸子 竹達彩奈
69%
如月千早 今井麻美
65%
神崎蘭子 内田真礼
63%
島村卯月 大橋彩香
60%
水瀬伊織 釘宮理恵
58%
水谷絵理 花澤香菜
58%
高垣楓 早見沙織
58%
アナスタシア 上坂すみれ
56%
伊吹翼 Machico
54%
天海春香 中村繪里子
52%
最上静香 田所あずさ
52%
双海亜美 | 双海真美 下田麻美
50%
川島瑞樹 東山奈央
50%
赤城みりあ 黒沢ともよ
50%
五十嵐響子 種﨑敦美
48%
北沢志保 雨宮天
46%
乙倉悠貴 中島由貴
46%
鷺沢文香 M・A・O
46%
田中琴葉 種田梨沙
44%
緒方智絵里 大空直美
44%
新田美波 洲崎綾
44%
本田未央 原紗友里
44%
諸星きらり 松嵜麗
44%
我那覇響 沼倉愛美
42%
箱崎星梨花 麻倉もも
42%
七尾百合子 伊藤美来
42%
高坂海美 上田麗奈
42%
日高愛 戸松遥
42%
三村かな子 大坪由佳
42%
渋谷凛 福原綾香
42%
多田李衣菜 青木瑠璃子
42%
桜庭薫 内田雄馬
42%
高槻やよい 仁後真耶子
40%
四条貴音 原由実
40%
小日向美穂 津田美波
40%
双葉杏 五十嵐裕美
40%
二宮飛鳥 青木志貴
40%
砂塚あきら 富田美憂
40%
片桐早苗 和氣あず未
40%
春日未来 山崎はるか
38%
馬場このみ 髙橋ミナミ
38%
塩見周子 ルゥティン
38%
城ヶ崎莉嘉 山本希望
38%
萩原雪歩 浅倉杏美
35%
三浦あずさ たかはし智秋
35%
城ヶ崎美嘉 佳村はるか
35%
星井美希 長谷川明子
33%
横山奈緒 渡部優衣
33%
小早川紗枝 立花理香
33%
浅利七海 井上ほの花
33%
北条加蓮 渕上舞
33%
久川凪 立花日菜
33%
望月杏奈 夏川椎菜
31%
天空橋朋花 小岩井ことり
31%
ジュリア 愛美
31%
詩花 高橋李依
31%
遊佐こずえ 花谷麻妃
31%
前川みく 高森奈津美
31%
橘ありす 佐藤亜美菜
31%
依田佳乃 高田憂希
31%
佐藤心 花守ゆみり
31%
櫻木真乃 関根瞳
31%
菊地真 平田宏美
29%
徳川まつり 諏訪彩花
29%
一ノ瀬志希 藍原ことみ
29%
佐久間まゆ 牧野由依
29%
荒木比奈 田辺留依
29%
大槻唯 山下七海
29%
風野灯織 近藤玲奈
29%
八宮めぐる 峯田茉優
29%
三峰唯華 希水しお
29%
所恵美 藤井ゆきよ
27%
秋月涼 三瓶由布子
27%
藤原肇 鈴木みのり
27%
速水奏 飯田友子
27%
喜多見柚 武田羅梨沙多胡
27%
及川雫 のぐちゆり
27%
日野茜 赤﨑千夏
27%
十時愛梨 原田ひとみ
27%
月岡恋鐘 礒部花凜
27%
秋月律子 若林直美
25%
玲音 茅原実里
25%
中野有香 下地紫野
25%
水本ゆかり 藤田茜
25%
櫻井桃華 照井春佳
25%
安部菜々 三宅麻理恵
25%
神谷奈緒 松井恵理子
25%
森久保乃々 高橋花林
25%
星輝子 松田颯水
25%
御手洗翔太 松岡禎丞
25%
天道輝 仲村宗悟
25%
樋口円香 土屋李央
25%
松田亜利沙 村川梨衣
23%
舞浜歩 戸田めぐみ
23%
亜夜 日高里菜
23%
道明寺歌鈴 新田ひより
23%
久川颯 長江里加
23%
天ヶ瀬冬馬 寺島拓篤
23%
市川雛菜 岡咲美保
23%
緋田美琴 山根綺
23%
関裕美 会沢紗弥
21%
早坂美玲 朝井彩加
21%
白坂小梅 桜咲千依
21%
結城晴 小市眞琴
21%
高森藍子 金子有希
21%
木村夏樹 安野希世乃
21%
難波笑美 伊達朱里紗
21%
村上巴 花井美春
21%
大崎甜花 前川涼子
21%
小宮果穂 河野ひより
21%
園田智代子 白石晴香
21%
葛城リーリヤ 花岩香奈
21%
高山紗代子 駒形友梨
19%
木下ひなた 田村奈央
19%
宮尾美也 桐谷蝶々
19%
桜守歌織 香里有佐
19%
椎名法子 都丸ちよ
19%
辻野あかり 梅澤めぐ
19%
佐々木千枝 今井麻夏
19%
佐城雪美 中澤ミナ
19%
桐生つかさ 河瀬茉希
19%
鷹富士茄子 森下来奈
19%
姫川友紀 杜野まこ
19%
堀裕子 鈴木絵理
19%
的場梨沙 集貝はな
19%
浅倉透 和久井優
19%
月村手毬 小鹿なお
19%
佐竹美奈子 大関英里
17%
ロコ 中村温姫
17%
矢吹可奈 木戸衣吹
17%
篠宮可憐 近藤唯
17%
百瀬莉緒 山口立花子
17%
周防桃子 渡部恵子
17%
白石紬 南早紀
17%
黒埼ちとせ 佐倉薫
17%
三船美優 原田彩楓
17%
松永涼 千菅春香
17%
相葉夕美 木村珠莉
17%
ナターリア 生田輝
17%
市原仁奈 久野美咲
17%
夢見りあむ 星希成奏
17%
柏木翼 八代拓
17%
ピエール 堀江瞬
17%
白瀬咲耶 八巻アンナ
17%
桑山千雪 芝崎典子
17%
芹沢あさひ 田中有紀
17%
斑鳩ルカ 川口莉奈
17%
花海咲季 長月あおい
17%
藤田ことね 飯田ヒカル
17%
島原エレナ 角元明日香
15%
野々原茜 小笠原早紀
15%
永吉昴 斉藤佑圭
15%
北上麗花 平山笑美
15%
宮本フレデリカ 髙野麻美
15%
西園寺琴歌 安齋由香里
15%
白菊ほたる 天野聡美
15%
八神マキノ 二ノ宮ゆい
15%
龍崎薫 春瀬なつみ
15%
向井拓海 原優子
15%
姫野かのん 村瀬歩
15%
硲道夫 伊東健人
15%
大崎甘奈 黒木ほの香
15%
七草にちか 紫月杏朱彩
15%
中谷育 原嶋あかり
13%
エミリー 郁原ゆう
13%
大神環 稲川英里
13%
豊川風花 末柄里恵
13%
真壁瑞希 阿部里果
13%
奥空心白 田中あいみ
13%
白雪千夜 関口理咲
13%
喜多日菜子 深川芹亜
13%
浜口あやめ 田澤茉純
13%
若里春名 白井悠介
13%
杜野凜世 丸岡和佳奈
13%
有栖川夏葉 涼本あきほ
13%
福田のり子 浜崎奈々
10%
藤本里奈 金子真由美
10%
古賀小春 小森結梨
10%
上条春菜 長島光那
10%
イヴ・サンタクロース 松永あかね
10%
伊集院北斗 神原大地
10%
鷹城恭二 梅原裕一郎
10%
山下次郎 中島ヨシキ
10%
田中摩美々 菅沼千紗
10%
幽谷霧子 結名美月
10%
黛冬優子 幸村恵理
10%
和泉愛依 北原沙弥香
10%
福丸小糸 田嶌紗蘭
10%
二階堂千鶴 野村香菜子
8%
脇山珠美 嘉山未紗
8%
大和亜季 村中知
8%
上田鈴帆 春野ななみ
8%
南条光 神谷早矢佳
8%
都築圭 土岐隼一
8%
握野英雄 熊谷健太郎
8%
舞田類 榎木淳弥
8%
古論クリス 駒田航
8%
眉見鋭心 大塚剛央
8%
西城樹里 永井真里子
8%
有村麻央 七瀬つむぎ
8%
十王星南 陽高真白
8%
渡辺みのり 高塚智人
6%
木村龍 濱健人
6%
華村翔真 バレッタ裕
6%
冬美旬 長塚拓馬
6%
牙崎漣 小松昌平
6%
葛之葉雨彦 笠間淳
6%
郁田はるき 小澤麗那
6%
鈴木羽那 三川華月
6%
紫雲清夏 湊みや
6%
篠澤広 川村玲奈
6%
ライラ 市ノ瀬加那
4%
信玄誠司 増元拓也
4%
猫柳キリオ 山下大輝
4%
秋山隼人 千葉翔也
4%
アスラン=BB II世 古川慎
4%
橘志狼 古畑恵介
4%
大河タケル 寺島惇太
4%
九十九一希 比留間俊哉
4%
倉本千奈 伊藤舞音
4%
花海佑芽 松田彩音
4%
小関麗奈 長野佑紀
2%
神楽麗 永野由祐
2%
蒼井享介 山谷祥生
2%
清澄九郎 中田祐矢
2%
伊瀬谷四季 野上翔
2%
榊夏来 渡辺紘
2%
紅井朱雀 益山武明
2%
黒野玄武 深町寿成
2%
神谷幸広 狩野翔
2%
東雲荘一郎 天﨑滉平
2%
水島咲 小林大紀
2%
円城寺道流 濱野大輝
2%
兜大吾 浦尾岳大
2%
北村想楽 汐谷文康
2%
天峰秀 伊瀬結陸
2%
花園百々人 宮﨑雅也
2%
姫崎莉波 薄井友里
2%
大石泉 大木咲絵子
0%
蒼井悠介 菊池勇成
0%
卯月巻緒 児玉卓也
0%
岡村直央 矢野奨吾
0%
No matching quizzes found
Score Distribution
Percent of People with Each Score
Percentile by Number Answered
Your Score History
You have not taken this quiz since the last reset